Números de 1 a 50 em 20 segundos - Statistics

Estatísticas Gerais
  • Esse quiz foi jogado 3 828 vezes
  • A pontuação média é 29 de 50
Estatísticas das Respostas
Número % Correto
1
99%
2
99%
3
98%
4
96%
5
96%
6
95%
7
94%
8
94%
9
94%
10
87%
11
86%
12
86%
13
84%
14
81%
15
80%
16
78%
17
77%
18
77%
19
76%
20
72%
21
72%
22
68%
23
68%
24
65%
25
63%
26
61%
27
59%
28
58%
29
57%
30
49%
31
47%
32
43%
33
39%
34
39%
35
36%
36
34%
37
31%
38
29%
39
28%
40
24%
41
23%
42
20%
43
17%
44
16%
45
16%
46
12%
47
11%
48
10%
50
10%
49
9%
Nenhum quiz correspondente encontrado
Distribuição das Pontuações
Porcentagem de Pessoas com Cada Pontuação
Percentil de Números Respondidos
Sua Pontuação Histórica
Você não jogou esse quiz